Medical records confidentiality in the modern delivery of health care : hearing before the Subcommittee on Health and Environment of the Committee on Commerce, House of Representatives, One Hundred Sixth Congress, first session, May 27, 1999.

Bibliographic Details
Corporate Author: United States. Congress. House. Committee on Commerce. Subcommittee on Health and the Environment (Author)
Format: Government Document eBook
Language:English
Published: Washington : U.S. Government Printing Office, 1999.
Subjects:
Online Access:https://purl.fdlp.gov/GPO/gpo117311

MARC

Tag First Indicator Second Indicator Subfields
LEADER 00000cam a2200000 i 4500
001 in00004062621
005 20190718165120.0
006 m o d f
007 cr bn||||a||||
008 101117s1999 dcua ob f000 0 eng c
019 |a 150694956  |a 651741654 
035 |a (OCoLC)ocn682101612 
040 |a OCLCE  |b eng  |e pn  |e pn  |c OCLCE  |d OCLCQ  |d NJRLL  |d OCLCQ  |d OCLCF  |d OCLCQ  |d OCLCO  |d OCLCQ  |d GPO  |d MvI  |d UtOrBLW 
042 |a pcc 
043 |a n-us--- 
049 |a WWW 
074 |a 1019-C-01 (online) 
086 0 |a Y 4.C 73/8:106-34 
088 |a Serial no. 106-34 (United States. Congress. House. Committee on Commerce) 
110 1 |a United States.  |b Congress.  |b House.  |b Committee on Commerce.  |b Subcommittee on Health and the Environment,  |e author.  |0 http://id.loc.gov/authorities/names/n95064552 
245 1 0 |a Medical records confidentiality in the modern delivery of health care :  |b hearing before the Subcommittee on Health and Environment of the Committee on Commerce, House of Representatives, One Hundred Sixth Congress, first session, May 27, 1999. 
264 1 |a Washington :  |b U.S. Government Printing Office,  |c 1999. 
300 |a 1 online resource (iii, 121 pages) :  |b illustrations 
336 |a text  |b txt  |2 rdacontent 
337 |a computer  |b c  |2 rdamedia 
338 |a online resource  |b cr  |2 rdacarrier 
504 |a Includes bibliographical references. 
588 |a Description based on online resource, PDF version; title from title page (govinfo, viewed Mar. 11, 2019). 
500 |a Electronic resource. 
650 0 |a Medical records  |x Law and legislation  |z United States.  |0 http://id.loc.gov/authorities/subjects/sh2008107621 
650 0 |a Privacy, Right of  |z United States.  |0 http://id.loc.gov/authorities/subjects/sh2008108965 
650 0 |a Confidential communications  |x Physicians  |z United States.  |0 http://id.loc.gov/authorities/subjects/sh2009121341 
650 0 |a Medical records  |x Access control  |z United States.  |0 http://id.loc.gov/authorities/subjects/sh2007008835 
776 0 8 |i Print version:  |a United States. Congress. House. Committee on Commerce. Subcommittee on Health and the Environment.  |t Medical records confidentiality in the modern delivery of health care  |w (DLC) 99489205  |w (OCoLC)42282013 
856 4 0 |u https://purl.fdlp.gov/GPO/gpo117311  |t 0 
999 f f |s d50ab207-8de6-3ebb-a324-9886562f3174  |i 5f59122a-5c09-3b5f-bf4d-36e2cfced4c5  |t 0 
952 f f |a Texas A&M University  |b College Station  |c Electronic Resources  |d Available Online  |t 0  |e Y 4.C 73/8:106-34  |h Superintendent of Documents classification 
998 f f |a Y 4.C 73/8:106-34  |t 0  |l Available Online